<?xml version="1.0" encoding="UTF-8"?>
<marc:record xmlns:marc="http://www.loc.gov/MARC21/slim">
   <marc:leader>00000nam a2200000 a 4500</marc:leader>
   <marc:datafield ind1="1" ind2=" " tag="100">
      <marc:subfield code="a">Amorim, João</marc:subfield>
      <marc:subfield code="4">ctb</marc:subfield>
      <marc:subfield code="e">Mitwirkende/-r</marc:subfield>
   </marc:datafield>
   <marc:datafield ind1=" " ind2=" " tag="653">
      <marc:subfield code="a">DVD-Video</marc:subfield>
   </marc:datafield>
   <marc:datafield ind1="0" ind2="0" tag="245">
      <marc:subfield code="a">2012 Time for Change</marc:subfield>
   </marc:datafield>
   <marc:datafield ind1=" " ind2="1" tag="264">
      <marc:subfield code="a">München</marc:subfield>
      <marc:subfield code="b">Scorpio Verlag</marc:subfield>
      <marc:subfield code="c">2011</marc:subfield>
   </marc:datafield>
   <marc:datafield ind1="1" ind2=" " tag="520">
      <marc:subfield code="a">Angaben aus der Verlagsmeldung

2012 Time for Change

DVD 2012 Time for Change

Ein Film für LOHAS! Bestsellerautor Daniel Pinchbeck auf einer faszinierenden Entdeckungstour zu Menschen, die nicht erst auf das prophezeite Wendejahr 2012 warten, sondern jetzt schon nachhaltigen Lebensstil und geistigen Wandel leben und lebbar machen.

"Auf diesem Planeten passieren gute Dinge, und ich möchte daran teilhaben. 2012 ist ein interessantes Jahr - wir müssen es zu einem positiven Jahr machen!" Sting
Der Bestsellerautor und Journalist Daniel Pinchbeck begibt sich auf die Suche nach einem neuen Denken, das archaische Weisheit mit moderner Wissenschaft vereint. Denn das Jahr 2012 wird keinen Zusammenbruch unserer Gesellschaft einläuten, wie apokalyptische Prophezeiungen proklamieren, sondern die Geburt einer globalen nachhaltigen Kultur: Zusammenhalt statt Wettbewerb. Das Wertschätzen von Geist und Seele wird den nutzlosen Materialismus ablösen, der unsere Welt an den Rand des Abgrunds getrieben hat. Dass das Wissen und Know-how für den Wandel im Geistigen sowie ganz pragmatisch in u. a. Städtebau, Landwirtschaft, Energieversorgung und Mobilität bereits vorhanden sind, zeigt Daniel Pinchbeck im Gespräch mit wissenschaftlichen wie spirituellen Vordenkern, Architekten, Ökonomen, Erfindern, Öko-Unternehmern, Prominenten und vielen mehr ...

WINNER
Best Environmental Documentary
Chagrin
Documentary
Film Festival

FSK: 6 Jahre
</marc:subfield>
   </marc:datafield>
   <marc:datafield ind1=" " ind2=" " tag="020">
      <marc:subfield code="a">9783942166294</marc:subfield>
      <marc:subfield code="9">9783942166294</marc:subfield>
   </marc:datafield>
   <marc:datafield ind1=" " ind2=" " tag="041">
      <marc:subfield code="a">ger</marc:subfield>
   </marc:datafield>
   <marc:datafield ind1=" " ind2=" " tag="300">
      <marc:subfield code="a">DVD-Videos</marc:subfield>
   </marc:datafield>
</marc:record>
